| 000 | 00957nam a2200325 i 4500 | ||
|---|---|---|---|
| 001 | bg | ||
| 100 | 1 | _aZAMORA, Ramon | |
| 245 | 1 | 0 |
_aVisual Basic for MS-DOS / _cRamon Zamora, Don Inman, Bob Albrecht ; [tł. z ang. Piotr Barancewicz]. |
| 246 | 1 | 4 | _aVisual Basic dla MS-DOS |
| 260 |
_aWarszawa : _b"Intersoftland", _c1994. |
||
| 300 |
_a313 s. : _bfot. ; _c24 cm. |
||
| 500 | _aOryg. : "Visual Basic for MS-DOS" 1993. - Tyt. okł. : Visual Basic dla MS-DOS. | ||
| 504 | _aIndeksy. | ||
| 630 | 0 | 9 | _aBASIC |
| 630 | 0 | 9 | _aDOS |
| 630 | 0 | 9 | _aWINDOWS |
| 655 | _aPodręczniki | ||
| 700 | 1 | _aINMAN, Don | |
| 700 | 1 |
_aALBRECHT, Bob _d(1930- ) |
|
| 700 | 1 |
_aBARANCEWICZ, Piotr. _eTł. |
|
| 020 | _a8386389036 | ||
| 020 | _a0139486623 (oryg.) | ||
| 040 | _cBPK | ||
| 041 | 1 |
_apl _hen |
|
| 080 | _a681.322.06:519.682](07) | ||
| 920 | _a83-86389-03-6 | ||
| 920 | _a0-13-948662-3 (oryg.) | ||
| 942 | _cKS | ||
| 008 | s pl f |000 0 pol | ||
| 999 |
_c6866 _d6866 |
||
| 856 |
_uhttp://koha.tu.koszalin.pl/cgi-bin/koha/opac-detail.pl?biblionumber=6866 _yKatalog online BPK |
||